Butlletí de la Biblioteca de Catalunya
Descripción Física:
10 vols. enquadernats ; periodicitat: irregular ; 27 cm
MARC
| LEADER | 00000nas a2200000 a 4500 | ||
|---|---|---|---|
| 001 | 8316, 8317, 6284, 8318, 6286, 6287, 8319, 8320, 8321, 8322, 8323, 6288 | ||
| 003 | Arxiu | ||
| 005 | 20260324181035.0 | ||
| 008 | 160829s9999 xx 000 0 cat d | ||
| 008 | 160829s9999 xx 000 0 cat d | ||
| 245 | |a Butlletí de la Biblioteca de Catalunya | ||
| 260 | |a Barcelona : |b Institut d'Estudis Catalans ; |c [1914] - | ||
| 300 | |a 10 vols. enquadernats ; |b periodicitat: irregular ; |c 27 cm | ||
| 310 | |a Irregular | ||
| 362 | |a Vol. 1 (1914)-vol. 10 (1982/1984) | ||
| 500 | |a A partir de l'any 1981 l'editor varia: Biblioteca de Catalunya. | ||
| 500 | |a Suspesa de 1939 a 1985. | ||
| 500 | |a Descripció basada en: Any 1, núm.2 (maig/ag. 1914) | ||
| 650 | |a Biblioteca de Catalunya |x Revistes |9 29918 | ||
| 650 | |a Biblioteca de Catalunya |x Catàlegs |x Revistes |9 29953 | ||
| 650 | |a Bibliografia |x Revistes |9 47490 | ||
| 710 | 2 | |a Institut d'Estudis Catalans |9 52284 | |
| 710 | 1 | |a Biblioteca de Catalunya |9 52741 | |
| 866 | |a Núm. 2, vol. 1 (maig-agost 1914) -- Núm. 13, vol. 10 (1982-1984) | ||
| 901 | |a Arxiu | ||
| 942 | |n 1 |2 udc |c REV | ||
| 952 | |0 0 |1 0 |2 udc |4 0 |7 1 |9 45186 |a Arxiu |b Arxiu |d 2016-12-01 |h Núm. 2, vol. 1 (maig-agost 1914) -- Núm. 3, vol. 1 (setembre-desembre 1914) |o Rev-174 |p 8316 |r 2016-12-01 00:00:00 |w 2016-12-01 |y ARXIU |z Altre núm. registre: 8317 | ||
| 952 | |0 0 |1 0 |2 udc |4 0 |7 1 |9 63360 |a Arxiu |b Arxiu |d 2022-08-09 |h Núm. 4, vol. 2 (gener-agost 1915) -- Núm. 5, vol. 2 (setembre-desembre 1915) |o Rev-175 |p 6284 |r 2022-08-09 00:00:00 |w 2022-08-09 |y ARXIU |z Altre núm. registre: 6285 | ||
| 952 | |0 0 |1 0 |2 udc |4 0 |7 1 |9 63361 |a Arxiu |b Arxiu |d 2022-08-09 |h Núm. 6, vol. 3 (1916) |o Rev-176 |p 6286 |r 2022-08-09 00:00:00 |w 2022-08-09 |y ARXIU | ||
| 952 | |0 0 |1 0 |2 udc |4 0 |7 1 |9 63362 |a Arxiu |b Arxiu |d 2022-08-09 |h Núm. 7, vol. 4 (1917) |o Rev-177 |p 6287 |r 2022-08-09 00:00:00 |w 2022-08-09 |y ARXIU | ||
| 952 | |0 0 |1 0 |2 udc |4 0 |7 1 |9 63363 |a Arxiu |b Arxiu |d 2022-08-09 |h Núm. 8, vol. 5 (1918-1919) |o Rev-178 |p 8319 |r 2022-08-09 00:00:00 |w 2022-08-09 |y ARXIU | ||
| 952 | |0 0 |1 0 |2 udc |4 0 |7 1 |9 63364 |a Arxiu |b Arxiu |d 2022-08-09 |h Núm. 9, vol. 6 (1920-1922) |o Rev-179 |p 8320 |r 2022-08-09 00:00:00 |w 2022-08-09 |y ARXIU | ||
| 952 | |0 0 |1 0 |2 udc |4 0 |7 1 |9 63365 |a Arxiu |b Arxiu |d 2022-08-09 |h Núm. 10, vol. 7 (1923-1927) |o Rev-180 |p 8321 |r 2022-08-09 00:00:00 |w 2022-08-09 |y ARXIU | ||
| 952 | |0 0 |1 0 |2 udc |4 0 |7 1 |9 63366 |a Arxiu |b Arxiu |d 2022-08-09 |h Núm. 11, vol. 8 (1928-1932) |o Rev-181 |p 8322 |r 2022-08-09 00:00:00 |w 2022-08-09 |y ARXIU | ||
| 952 | |0 0 |1 0 |2 udc |4 0 |7 1 |9 63368 |a Arxiu |b Arxiu |d 2022-08-09 |h Núm. 12, vol. 9 (1981) |o Rev-182 |p 8323 |r 2022-08-09 00:00:00 |w 2022-08-09 |y ARXIU | ||
| 952 | |0 0 |1 0 |2 udc |4 0 |6 REV183 |7 1 |9 63369 |a Arxiu |b Arxiu |d 2022-08-09 |h Núm. 13, vol. 10 (1982-1984) |l 0 |o Rev-183 |p 6288 |r 2022-08-09 00:00:00 |w 2022-08-09 |y ARXIU | ||
| 999 | |c 48257 |d 48257 | ||
| 655 | |a Revistes |9 55823 | ||